Città con le Chiese più alte - Statistics

Statistiche generali
  • Questo quiz è stato fatto 31 volte
  • Il punteggio medio è 6 su 15
Statistiche sulle risposte
Chiesa Altezza (m) Continente Città % Corretto
Duomo di Vienna 136,4 Europa Vienna
93%
Sagrada Família 138 Europa Barcellona
86%
Basilica di San Pietro in Vaticano 136,6 Europa Città del Vaticano
86%
Duomo di Colonia 157,4 Europa Colonia
86%
Cattedrale di Strasburgo 142 Europa Strasburgo
79%
Duomo di Linz 134,8 Europa Linz
57%
Santuario di Nostra Signora di Licheń 141,5 Europa Licheń Stary
29%
Ulm Minster 161,5 Europa Ulm
25%
Chiesa di San Nicola 147,3 Europa Amburgo
7%
Chiesa di San Pietro 132,2 Europa Amburgo
7%
Chiesa di San Michele 132,1 Europa Amburgo
7%
Cattedrale della Salvezza del Popolo 135 Europa Bucarest
7%
Cattedrale di Notre-Dame 151 Europa Rouen
4%
Collegiata di San Martino 130,6 Europa Landshut
0%
Basilica di Nostra Signora della Pace 158 Africa Yamoussoukro
0%
Nessun quiz corrispondente trovato
Distribuzione punteggi
Percentuale di utenti per punteggio
Percentile per numero di risposta
I tuoi punteggi nel tempo
Non hai fatto questo quiz